|
|
|
|
| LEADER |
01354nam a22002777a 4500 |
| 001 |
36463 |
| 003 |
BD-DhAAL |
| 005 |
20211111131339.0 |
| 008 |
191027t2018 xxu||||| b||| 00| 0 eng d |
| 999 |
|
|
|c 41035
|d 41035
|
| 020 |
|
|
|a 9781792070112
|
| 040 |
|
|
|a BD-DhAAL
|
| 082 |
|
|
|a 005.133
|2 23
|
| 100 |
|
|
|a White, Michael B.
|9 36514
|
| 245 |
|
|
|a Mastering Java :
|b an effective project based approach including web development, data structures, GUI programming and object oriented programming (beginner to advanced) /
|c Michael B. White
|
| 260 |
|
|
|a San Bernardino, California :
|b [publisher not identified],
|c 2018
|
| 300 |
|
|
|a 583 pages ;
|c 28 cm
|
| 504 |
|
|
|a Includes bibliographical references (page 583).
|
| 526 |
|
|
|a CSE
|
| 541 |
|
|
|a Karim International
|e 36463, 36464
|
| 650 |
|
|
|a Java (Computer program language).
|9 36515
|
| 650 |
|
|
|a Computer science
|9 42575
|
| 852 |
|
|
|a Ayesha Abed Library
|c General Stacks
|
| 942 |
|
|
|2 ddc
|c BK
|
| 952 |
|
|
|0 0
|1 0
|2 ddc
|4 0
|6 005_133000000000000_WHI
|7 0
|9 66750
|a BRACUL
|b BRACUL
|c GEN
|d 2019-10-17
|e Karim International
|g 2600.00
|l 5
|m 53
|o 005.133 WHI
|p 3010036464
|r 2025-05-08
|s 2025-05-08
|t 2
|v 2600.00
|w 2019-10-17
|y BK
|
| 952 |
|
|
|0 0
|1 4
|2 ddc
|4 0
|6 005_133000000000000_WHI
|7 0
|9 66751
|a BRACUL
|b BRACUL
|c GEN
|d 2019-10-17
|e Karim International
|g 2600.00
|l 0
|o 005.133 WHI
|p 3010036463
|r 2019-10-17
|t 1
|v 2600.00
|w 2019-10-17
|y BK
|x Koha Inventory 2020
|